|
|
|
|
| LEADER |
01561nam a22003492a 4500 |
| 001 |
001118042 |
| 003 |
CZ BrMZK |
| 005 |
20191009112714.0 |
| 007 |
ta |
| 008 |
100923s1982 xr er|||||||||||cze d |
| 015 |
|
|
|a cnb000001148
|
| 020 |
|
|
|q (Brož.)
|
| 040 |
|
|
|a BOA001
|b cze
|
| 072 |
|
7 |
|a 352/354
|x Stupně místní, oblastní a ústřední správy
|2 Konspekt
|9 15
|
| 080 |
|
|
|a 352/354
|2 MRF-sel
|
| 080 |
|
|
|a 342.8
|2 MRF-sel
|
| 245 |
0 |
0 |
|a Sborník dokumentů k dalšímu zdokonalení práce národních výborů a jimi řízených organizací :
|b projednaných 6. zasedáním ÚV KSČ ve dnech 20. a 21. dubna 1982 a předsednictvem ústředního výboru Komunistické strany Československa v letech 1979, 1980 a 1982
|
| 250 |
|
|
|a Vyd. 1.
|
| 260 |
|
|
|a Praha :
|b Svoboda,
|c 1982
|
| 300 |
|
|
|a 204 s.
|
| 500 |
|
|
|a Dostupné též v digitální podobě v aplikaci Kramerius
|
| 650 |
0 |
7 |
|a národní výbory
|7 ph217779
|z Československo
|2 czenas
|
| 650 |
0 |
7 |
|a volební systémy
|7 ph127224
|2 czenas
|
| 655 |
|
7 |
|a sborníky
|7 fd163935
|2 czenas
|
| 710 |
2 |
|
|a Komunistická strana Československa.
|b Ústřední výbor
|7 ko2003167976
|
| 856 |
4 |
1 |
|u http://www.digitalniknihovna.cz/mzk/uuid/uuid:70b42150-f17d-11e9-9a61-005056827e52
|y Digitalizovaný dokument
|x NDK
|
| 910 |
|
|
|a BOA001
|b 2-0850.827
|
| 990 |
|
|
|a BK
|
| 991 |
|
|
|b 201009
|
| 900 |
|
|
|a ULG001
|b 13
|
| 996 |
6 |
|
|b 2619362735
|c 2-0850.827
|l MZK
|r Sklad / do 1 hodiny
|n 0
|w 001145868
|u 000020
|a 1
|e BOA001
|j MZK50
|s P
|
| 996 |
7 |
|
|b 2619362736
|c 2-0850.827
|l MZK
|r Sklad / do 1 hodiny
|n 0
|w 001145868
|u 000010
|a 1
|e BOA001
|j MZK50
|s A
|